Quizzes
Events
Quiz Creation
Community
Videos
Private Events
Remove Ads
Sign In
Join for FREE
Feedback
Dark Mode
Quiz Categories
Sports
Geography
Music
Movies
Television
Just For Fun
Miscellaneous
History
Literature
Language
Science
Gaming
Entertainment
Religion
Holiday
For Kids
Quiz Lab
Recent
Popular Today
Quiz Kudos Today
Editor Picks
Curator Picks
Quizzes by...
Day
Popularity
Type
Ratings
Length
Year
Community
Subscriptions
Recent Discussions
Orange Saloon
Badges
Playlists
Quests
Create
Leaderboards
Showdown
Live 5
Trivia Bingo
Activity
Puzzle Library
Sporcle Events
Private Events
Virtual Trivia
Globe League
Become a Host
Pub Owners
SporcleCon
Opinionation
Our Games
Videos
Blog
Mobile Apps
Partnerships
Remove Ads and Go Orange
Feedback
History
US Presidents
World Leaders
Politics
Nation
Discovery
War
Decade
Year
Century
Biography
Art
History
US Presidents
World Leaders
Politics
Nation
Discovery
War
Decade
Year
Century
Biography
Art
Random Quiz
Search Sporcle
×
Quiz Lab
Quiz Lab
History
Event
Type in answers that appear in a list
Type in answers that appear in a list
Classic
Best Score? Go Orange.
Roman History Chronology Stats
Can you name the Roman History Chronology?
By
pinwing
15m
102 Questions
29 Plays
29 Plays
29 Plays
Comments
Comments
Give Quiz Kudos
Give Quiz Kudos
-
- Ratings
hide this ad
Forced Order
Answers have to be entered in order
Answers have to be entered in order
Random Order
Randomize order of answers
Randomize order of answers
Replay
Link that replays current quiz
Next Quiz
Link to next quiz in quiz playlist
You Got
0%
They Got
Avg Score
42%
Avg Friend Score
Upgrade to see
Score Distribution
Jump to the score distribution portion of the page
Score
0/102
Timer
15:00
0
Plays Today
Event
Date
% Correct
Rome founded by Romulus
753 bc
79.3%
Battle of Actium (defeat of Mark Antony and Cleopatra)
31 bc
72.4%
Caesar assassinated
44 bc
62.1%
Battle of Lake Trasimene, 1 consul killed
217 bc
58.6%
Caesar elected consul for 59; creation of 1st Triumverate
60 bc
58.6%
2 successive tribunates of Gaius Sempronius Gracchus
123-122 bc
58.6%
Caesar given dictatorship for life (Feb. 14)
44 bc
58.6%
Meeting of Mark Antony, Lepidus, and Octavian, beginning of 2nd Triumverate
43 bc
58.6%
Death of Mark Antony and Cleopatra
30 bc
58.6%
Trajan dies of a stroke
117 ce
58.6%
The army acclaimed Hadrian emperor
117 ce
58.6%
Founding of the Republic after Tarquin expelled
509 bc
55.2%
Battle at Trebia River -
Po valley falls to Hannibal
218 bc
55.2%
Battle of Cannae, 1 consul killed
216 bc
55.2%
Battle of Zama/
Naggara -
Scipio's troops defeat Hannibal's army
202 bc
55.2%
Cicero
106-43 bc
55.2%
Year of the 4 Emperors
69 ce
55.2%
Carthage founded by Phoenicians
ca. 750 bc
51.7%
Defeat, capture, and destruction of Etruscan city Veii
396 bc
51.7%
Tarentum falls to Rome
272 bc
51.7%
1st Punic War
264-241 bc
51.7%
Death (suicide) of Gaius Semp. Gracchus
121 bc
51.7%
Year of the Tribunate; Death of Tibberius Sempronius Gracchus
133 bc
51.7%
Banishment of Cicero
58 bc
51.7%
Battle of Philippi in Macedonia (defeat and death of Cassius, then Brutus)
42 bc
51.7%
Perusine War (Octavian vs. Lucius Antonius and wife Fulvia)
40 bc
51.7%
Reign of Caligula
37-41 ce
51.7%
Death of Hadrian
138 ce
51.7%
Greeks start colonizing Sicily and S. Italy
730-720 bc
48.3%
Romans get Corsica
236 bc
48.3%
2nd Punic War
218-201 bc
48.3%
Death of Catilina
62 bc
48.3%
Consulship of Cicero; Conspiracy off Catilina
63 bc
48.3%
War against Cimbri and the Teutones
105-101 bc
48.3%
Event
Date
% Correct
Renewal of Triumverate at Luca
56 bc
48.3%
Caesarian victory at Thapsus, suicide of Cato
46 bc
48.3%
Reign of Augustus
27 bc - 14 ce
48.3%
Reign of Galba
68-69 ce
48.3%
Euboean trading post on Pithecusae
770-750 bc
44.8%
Creation of Greek alphabet
ca. 750 bc
44.8%
Rome can be considered a city/
state
ca. 625 bc
44.8%
The Twelve Tables -
1st codification of Roman law
ca. 450 bc
44.8%
Battle of Allia river -
Gauls destroy Rome
ca. 390 bc
44.8%
Romans get Sardinia
238 bc
44.8%
The Illyrean Wars, part 1
229-228 bc
44.8%
The Ebro Treaty
226 bc
44.8%
Carthage asks for peace
201 bc
44.8%
Introduction of new coinage -
denarius
211 bc
44.8%
3rd Punic War; Scipio Africanus Aemilius; creation of Roman province of Africa
149-146 bc
44.8%
Slave revolt in Ittaly and Sicily led by Spartacus
73-71 bc
44.8%
Gallic Wars (Caesar defeats Helvetians and German king Ariovistus)
58-51 bc
44.8%
2nd Consulship of Caesar
48 bc
44.8%
Deification of Caesar, dedication of a temple to him in the forum
42 bc
44.8%
Reign of Titus
79-81 ce
44.8%
Gallic Wars and conquest of N. Italy
225-220 bc
41.4%
1st Macedonian War
215-205 bc
41.4%
Battle of Pydna; Lucius Aemilius Paullus beats King Perseus
168 bc
41.4%
Battle of Magnesia, Romans defeat Antiochus III
190 bc
41.4%
Death of Attalus III, King of Pergamum; bequeaths it to the Roman people
133 bc
41.4%
Dictatorship of Sulla
82-80 bc
41.4%
The Jugurthian War
111-105 bc
41.4%
Defeat and death of Crassus near Carrhae
53 bc
41.4%
Pompey elected sole consul for the year
52 bc
41.4%
Revolt of Vindex
68 ce
41.4%
Reign of Vespasian
69-79 ce
41.4%
Nerva proclaimed emperor
96 ce
41.4%
The Truceless War -
Carthage vs. revolted mercenaries
241-238 bc
37.9%
Severe treaty for P5 -
give up fleet, Greece, Asia Minor, huge war indemnity; Q. Flam. declares freedom of Greek states at the Isthmian Games
196 bc
37.9%
Event
Date
% Correct
Battle of Cynoscephalae, Q. Flaminius beats P5
197 bc
37.9%
2nd Macedonian War
200-196 bc
37.9%
Creation of Narbonese Gaul
121
37.9%
Pompey's settlement of the east
66-62 bc
37.9%
Social War /
Italian War /
War of the Allies
90-88 bc
37.9%
Death of Clodius in a brawl against partisans of Milo
52 bc
37.9%
Battle of Mutina
43 bc
37.9%
Treaty of Brundisium
40 bc
37.9%
Reign of Tiberius
14-37 ce
37.9%
Reign of Claudius
41-54 ce
37.9%
Reign of Nero
54-68 ce
37.9%
Temple of Jerusalem destroyed; Titus captures the city; Vespasian becomes Pontifex Maximus an Pater Patriae
70 ce
37.9%
Death of Lucius Aelius Caesar
138 ce
37.9%
The Illyrean Wars, part 2
220-219 bc
34.5%
Peace of Apamea; Asia Minor divided between Rhodes and Pergamum -
Rhodes gets huge
188
34.5%
Death of Scipio Aemilius 'Africanus'
129 bc
34.5%
Civil war
50-46 bc
34.5%
Reign of Domitian
81-96 ce
34.5%
War of the Romans against Antiochus III
191-188 bc
31%
4th Macedonian War; Macedon becomes Roman province
149-148 bc
31%
3rd Mithridatic War
73-63 bc
31%
End of the Jewish Revolt
117 ce
31%
Caracalla murdered near Carrhae, Macrinus has himself declared emperor
217 ce
29.4%
The Pyrrhic Wars against Pyrrhus of Epirus
280-278, 275-275 bc
27.6%
3rd Macedonian War
171-168 bc
27.6%
Pompey's war against the Pirates
67 bc
27.6%
Two new provinces created beyond the Danube, Death of Marcus Aurelius, Commodus becomes emperor and celebrates a triumph
180 ce
23.5%
Septimus Severus dies of gout at Eburacum
211 ce
23.5%
Commodus is assassinated
192 ce
17.6%
Elagabalus declared emperor by some troops, Macrinus killed
218 ce
17.6%
Elagabalus killed, Alexander declared emperor
222 ce
17.6%
Death of Antonius Pius, Marcus Aurelius becomes emperor
161 ce
11.8%
Pertinax killed by mutinous soldiers, Didius Julianus & Septimus Severus & Pescennius Niger all hailed as emperor by troops/
praetorians in different places
193 ce
11.8%
Alexander, wintering in Germany, is murdered together with his mother, Julia Mamaea, by the equestrian commander Maximinus
235 ce
11.8%
Quiz Playlist
Details
Report
Send in Message
Add To Playlist
Classic:
Type in answers that appear in a list
Forced Order:
Answers have to be entered in order
Random Order:
Randomize order of answers
Last Updated: Feb 16, 2017
Quiz Scoreboard
CHALLENGE
Sign Up to Join the Scoreboard
Show All
Scores
Hide
Comments
May contain spoilers
Recently Published
Presidents Visiting Landmarks
by Hejman
History
7m
An Introduction to Baseball
by treessimontrees
Sports
5m
Movies - When Are They Set?
by FPL_Elf
Movies
5m
More to Explore
Quiz From the Vault
Featured Blog Post
Where Did the Easter Bunny Come From?
hide this ad
You Might Also Like...
Tags
Chronology
date
Event
Roman
Today's Top Quizzes in History
Browse History
hide this ad
Today's Top Quizzes in Event
Browse Event
Top Contributed Quizzes in History
1
Popular People in 1991
2
Popular People in 1981
3
Popular People in 1951
4
Popular People in 1941
5
Popular People in 1986
6
Popular People in 1976
7
Popular People in 1921
8
I Am Born On March 28th
9
5-to-1: 20th Century Images of War
10
Popular People in 1946
Explore More
Trending Topics
Kpop
Anime
Crossword
Marvel
Harry Potter
Disney
NBA
Pokémon
WWE
Country
The Office
Soccer
Puzzle
NFL
Song
hide this ad
More By:
pinwing
Quiz
Plays
Rating
Category
Featured
Created
Roman History Chronology
29
History
Dec 14, 2011
Go to Creator's Profile
Score Distribution
Quiz Creator Spotlight
pinwing
Follow
Send a Message
Quizzes Created
-
Created Quiz Play Count
-
More By This Creator
Popular Quizzes Today
1
Find the US States - No Outlines Minefield
2
Find the Countries of Europe - No Outlines Minefield
3
The Countries of the World
4
Find the US States
5
Popular People in 1961
6
US States
7
Risky Map Clicking: Biggest States A-Z
8
Movies - When Are They Set?
More History Quizzes
Chairmen of the Joint Chiefs of Staff
Editor's Pick
Trending Quizzes
Risky Map Clicking: Least Populous States A-Z
1-10 Letter G Words
1-10 Letter F Words
Risky Map Clicking: Next State Alphabetically
Risky Map Clicking: Biggest States A-Z
Recently Updated
Leaping Animals
pecheneg
Reality TV Shows (A-Z)
bhenderson79
Rickey Henderson's Hall of Fame Teammates
pecheneg
Champions League XIs: Arsenal
pecheneg
Quick Pick: Celebrities in WWE's Hall of Fame
aduchscher
A-Z Keypad Blitz II
pecheneg
Multiple Oscar Actors
pecheneg
Mystery Phrase Blitz: Oscar 'Best Actors'
pecheneg
F. Scott Fitzgerald Novels
LTH
Pick 3 Villains
ddd62291
Trending Topics
Kpop
Crossword
Marvel
Harry Potter
NBA
Disney
Anime
Pokémon
NFL
Soccer
Country
Puzzle
Song
WWE
The Office
Your Account Isn't Verified!
In order to create a playlist on Sporcle, you need to verify the email address you used during registration. Go to your
Sporcle Settings
to finish the process.
Report this User
Report this user for behavior that violates our
Community Guidelines
.
Details:
Send Report
Go to the Sporcle.com Mobile Site →
Comments